[Event "ARG-ch U20"]
[Site "Buenos Aires"]
[Date "2023.02.19"]
[Round "5"]
[White "Bontempi, Sofia Milagros"]
[Black "Galeano, Nahiara Gabriela"]
[Result "1-0"]
[WhiteElo "1726"]
[BlackElo "1360"]
[PlyCount "111"]
[EventDate "2023.02.17"]
[EventType "swiss"]
[EventRounds "9"]
[EventCountry "ARG"]
[SourceTitle "EXT 2024"]
[Source "ChessBase"]
[SourceDate "2023.10.10"]
[SourceVersion "1"]
[SourceVersionDate "2023.10.10"]
[SourceQuality "1"]

1. d4 Nf6 2. c4 g6 3. Nc3 Bg7 4. e4 d6 5. Nf3 0-0 6. Be2 e5 7. d5 a5 8. 0-0 Na6 9. a3 Nc5 10. Bg5 h6 11. Bxf6 Qxf6 12. b4 axb4 13. axb4 Rxa1 14. Qxa1 Nb3 15. Qa2 Nd4 16. Rd1 Nxe2+ 17. Qxe2 Bg4 18. Ra1 Qd8 19. Ra7 Qb8 20. Qa2 f5 21. c5 Bxf3 22. gxf3 Qd8 23. Qd2 fxe4 24. Nxe4 Rxf3 25. Rxb7 Qc8 26. c6 Qg4+ 27. Ng3 Rf7 28. Qe2 Qd4 29. Qa2 Qd1+ 30. Kg2 h5 31. Qc4 Qf3+ 32. Kh3 Rf4 33. Qe2 Qxe2 34. Nxe2 Rxf2 35. Rxc7 Rxe2 36. Rd7 Rc2 37. c7 Kh7 38. b5 g5 39. b6 Kg6 40. Rxg7+ Kxg7 41. b7 Rxc7 42. b8Q Rf7 43. Qxd6 Rf6 44. Qxe5 Kg6 45. d6 g4+ 46. Kg2 Rxd6 47. Qxd6+ Kg5 48. Qe7+ Kg6 49. Kg3 Kf5 50. Qh7+ Kg5 51. Qg7+ Kf5 52. Kh4 Kf4 53. Kxh5 Kf5 54. Qxg4+ Kf6 55. Qg5+ Ke6 56. Kg6 1-0

[Event "South America-ch U12 Girls 16th"]
[Site "Buenos Aires"]
[Date "2019.12.06"]
[Round "9.6"]
[White "Mayeregger Gonzalez, Renata Valentina"]
[Black "Bontempi, Sofia Milagros"]
[Result "0-1"]
[WhiteElo "1099"]
[BlackElo "1451"]
[PlyCount "128"]
[EventDate "2019.12.01"]
[EventType "swiss"]
[EventRounds "9"]
[EventCountry "ARG"]
[SourceTitle "EXT 2024"]
[Source "ChessBase"]
[SourceDate "2023.10.10"]
[SourceVersion "1"]
[SourceVersionDate "2023.10.10"]
[SourceQuality "1"]

1. e4 c5 2. Nc3 d6 3. g3 Nf6 4. d3 g6 5. Bg2 Bg7 6. Nge2 0-0 7. 0-0 Nc6 8. h3 Ne8 9. Be3 Nd4 10. Rb1 a5 11. Qd2 Rb8 12. Nd1 e5 13. Nxd4 cxd4 14. Bh6 Be6 15. Bxg7 Nxg7 16. f4 f5 17. c3 Bxa2 18. Ra1 dxc3 19. Qxc3 Rc8 20. Qd2 Bb3 21. Qxa5 Qxa5 22. Rxa5 Rc1 23. Nc3 Rxf1+ 24. Kxf1 exf4 25. gxf4 fxe4 26. Bxe4 Rxf4+ 27. Kg2 Nh5 28. Nd5 Bxd5 29. Bxd5+ Kg7 30. Rb5 Rd4 31. Rxb7+ Kf6 32. Bc4 d5 33. Ba6 Nf4+ 34. Kg3 Nxd3 35. Bxd3 Rxd3+ 36. Kg2 h5 37. b4 Rb3 38. Rb8 Ke5 39. b5 d4 40. b6 d3 41. b7 d2 42. Re8+ Kf6 43. Rd8 Rxb7 44. Rxd2 Re7 45. Rf2+ Kg5 46. Rd2 Kf4 47. Rf2+ Kg5 48. Rd2 h4 49. Rd5+ Kf4 50. Rd4+ Re4 51. Rd3 Re2+ 52. Kf1 Re3 53. Rxe3 Kxe3 54. Kg2 Ke2 55. Kg1 Kf3 56. Kh2 Kf2 57. Kh1 Kg3 58. Kg1 Kxh3 59. Kh1 Kg3 60. Kg1 g5 61. Kh1 g4 62. Kg1 h3 63. Kh1 Kf2 64. Kh2 g3+ 0-1

[Event "South America-ch U12 Girls 16th"]
[Site "Buenos Aires"]
[Date "2019.12.02"]
[Round "3.8"]
[White "Bontempi, Sofia Milagros"]
[Black "Albertengo, Valentina"]
[Result "1-0"]
[WhiteElo "1451"]
[BlackElo "1078"]
[PlyCount "50"]
[EventDate "2019.12.01"]
[EventType "swiss"]
[EventRounds "9"]
[EventCountry "ARG"]
[SourceTitle "EXT 2024"]
[Source "ChessBase"]
[SourceDate "2023.10.10"]
[SourceVersion "1"]
[SourceVersionDate "2023.10.10"]
[SourceQuality "1"]

1. d4 d5 2. c4 e6 3. Nc3 Nf6 4. Nf3 Bb4 5. e3 0-0 6. Bd3 b6 7. a3 Bd6 8. cxd5 exd5 9. 0-0 Bb7 10. Qc2 Re8 11. b3 Nbd7 12. Bb2 c5 13. Rac1 Rc8 14. Qb1 Qc7 15. Nb5 Qb8 16. Nxd6 Qxd6 17. Bf5 h6 18. Ne5 Rf8 19. Nxd7 Nxd7 20. Rfd1 Rc7 21. e4 Qe7 22. dxc5 dxe4 23. c6 Bxc6 24. Rxc6 Rxc6 25. Rxd7 Rc7 1-0

[Event "Wch U10 Girls"]
[Site "Pocos de Caldas"]
[Date "2017.08.23"]
[Round "2"]
[White "Bontempi, Sofia Milagros"]
[Black "Da Cunha, Gabriela Goes"]
[Result "1-0"]
[WhiteElo "1539"]
[BlackElo "1191"]
[PlyCount "99"]
[EventDate "2017.08.22"]
[EventType "swiss"]
[EventRounds "11"]
[EventCountry "BRA"]
[SourceTitle "CBM 180 Extra"]
[Source "ChessBase"]
[SourceDate "2017.10.06"]
[SourceVersion "1"]
[SourceVersionDate "2017.10.06"]
[SourceQuality "1"]

1. d4 Nf6 2. c4 e6 3. Nc3 Bb4 4. Qc2 Bxc3+ 5. Qxc3 b6 6. Bg5 Bb7 7. Nf3 h6 8. Bh4 g5 9. Bg3 Ne4 10. Qd3 d6 11. Nd2 Nxd2 12. Qxd2 Nd7 13. Qc2 Qe7 14. Rc1 c5 15. e3 h5 16. f3 h4 17. Bf2 Qf6 18. Rd1 Qf5 19. Qd2 0-0-0 20. b4 Rhe8 21. h3 e5 22. Bd3 Qf6 23. d5 Qe7 24. e4 Nf6 25. Qxg5 Rg8 26. Qf5+ Kb8 27. Bxh4 Qd7 28. Bxf6 Qxf5 29. exf5 Rdf8 30. Be7 Re8 31. Bh4 Rxg2 32. Rd2 Reg8 33. Rxg2 Rxg2 34. Bf2 cxb4 35. Rg1 Rxg1+ 36. Bxg1 b5 37. h4 Bc8 38. cxb5 f6 39. h5 Bd7 40. h6 b3 41. axb3 a6 42. bxa6 e4 43. fxe4 Bxf5 44. exf5 Kc7 45. h7 Kd7 46. a7 Kc7 47. h8Q Kd7 48. Bb5+ Ke7 49. Qg7+ Kd8 50. Qd7# 1-0